|
|
|
|
| LEADER |
01543nam a22004211i 4500 |
| 001 |
EBC1319170 |
| 003 |
MiAaPQ |
| 005 |
20200520144314.0 |
| 006 |
m o d | |
| 007 |
cr cnu|||||||| |
| 008 |
131121t20142014nyua o 001 0 eng d |
| 020 |
|
|
|z 9780814433362
|
| 020 |
|
|
|a 9780814433379
|q (electronic bk.)
|
| 035 |
|
|
|a (MiAaPQ)EBC1319170
|
| 035 |
|
|
|a (Au-PeEL)EBL1319170
|
| 035 |
|
|
|a (CaPaEBR)ebr10802886
|
| 035 |
|
|
|a (CaONFJC)MIL544601
|
| 035 |
|
|
|a (OCoLC)863034734
|
| 040 |
|
|
|a MiAaPQ
|b eng
|e rda
|e pn
|c MiAaPQ
|d MiAaPQ
|
| 050 |
|
4 |
|a HF5415
|b .P37 2014
|
| 082 |
0 |
|
|a 658.8
|2 23
|
| 100 |
1 |
|
|a Papke, Edgar.
|
| 245 |
1 |
0 |
|a True alignment :
|b linking company culture with customer needs for extraordinary results /
|c Edgar Papke.
|
| 264 |
|
1 |
|a New York :
|b AMACOM,
|c [2014]
|
| 264 |
|
4 |
|c 2014
|
| 300 |
|
|
|a 1 online resource (276 pages) :
|b illustrations
|
| 336 |
|
|
|a text
|2 rdacontent
|
| 337 |
|
|
|a computer
|2 rdamedia
|
| 338 |
|
|
|a online resource
|2 rdacarrier
|
| 500 |
|
|
|a Includes index.
|
| 588 |
|
|
|a Description based on online resource; title from PDF title page (ebrary, viewed December 12, 2013).
|
| 590 |
|
|
|a Electronic reproduction. Ann Arbor, MI : ProQuest, 2015. Available via World Wide Web. Access may be limited to ProQuest affiliated libraries.
|
| 650 |
|
0 |
|a Corporate culture.
|
| 650 |
|
0 |
|a Customer relations.
|
| 650 |
|
0 |
|a Marketing.
|
| 655 |
|
4 |
|a Electronic books.
|
| 797 |
2 |
|
|a ProQuest (Firm)
|
| 856 |
4 |
0 |
|u https://ebookcentral.proquest.com/lib/matrademy/detail.action?docID=1319170
|z Click to View
|